000 00326 a2200157 4500
001 171390
020 _a
040 _cMagnum
100 _aMenezes, Alvaro Ottoni de
240 1 0 _aCoisas da lua
_lpor
245 1 0 _aCoisas da lua
362 0 _a1899
440 1 _aModerna
697 _aIJ/AVENTURA, CRIANCAS
942 _cBK
999 _c171390
_d171390